000
00294nam a2200121 a 4500
005
20141022141959.0
008
120229s19uu xx 00 eng d
050
_a
CD
_b
C49 2011
100
_a
Chelsa, David
245
_a
Extreme perspective /
_c
David Chelsea.
260
_c
2011.
942
_c
AVM
999
_c
276159
_d
276159